000 01309nam a2200349 a 4500
999 _c178023
_d178023
003 BLK
005 20250623085207.0
008 180411b bul|||||r ||||||| ||bul||
010 _aKNG00186721000
020 _a954-17-0003-9
040 _aBLK
041 _aBUL
_cBUL
080 _aАмериканска литература (на САЩ)
_b821.111(73)
_x-31
_z821.111(73)-31
100 1 _aЛий, Елси
_eпърви автор
_9241901
139 _aЛий, Елси
_bЛ 56
245 1 0 _aСезонът на злото
_bРоман
_cЕлси Лий; прев. Даниела Умникова.
257 _aUSA
260 _aГаброво
_bКалпазанов
_c1993
_fПловдив : Полиграфия
300 _a230 с.
_c20 см
380 _aX
490 _aНеразгадана страст
_v3
_9201138
500 _aОриг. загл. Season of Evil / Elsie Lee. - Офс. изд.
653 _aромани
700 1 _aУмникова, Даниела
_eпрев.
_9132893
852 _aЦб 174492
_bЦб
856 4 _qpdf
_i0.00
_ldisable
856 4 _qpdf
_i0.00
_ldisable
942 _cKNG
_n0
_020
_s1
944 _aCR
_c26.02.2016
_lРусанова Ирена
_k30542
944 _aED
_c27.06.2016
_lф /
_kЛюдмила_Стоянова
999 _d178023